The RSS: (Record no. 183569)

MARC details
000 -LEADER
fixed length control field 00645nam a22001817a 4500
005 - DATE AND TIME OF LATEST TRANSACTION
control field 20211228162132.0
010 ## - LCCN (DPL NO)
LC control number ENG-130730
020 ## - INTERNATIONAL STANDARD BOOK NUMBER
International Standard Book Number 9789387894921
Terms of availability 599.00
035 ## - SYSTEM CONTROL NUMBER
System control number EN-114262
037 ## - SOURCE OF ACQUISITION
Source of stock number/acquisition DBAD
082 ## - DEWEY DECIMAL CLASSIFICATION NUMBER
Classification number 320.55
100 ## - MAIN ENTRY--PERSONAL NAME
Personal name Mukhopadhyay, Nilanjan
245 ## - TITLE STATEMENT
Title The RSS:
Remainder of title Icons Of The Indian Right/
Statement of responsibility, etc Nilanjan Mukhopadhyay
260 ## - PUBLICATION, DISTRIBUTION, ETC. (IMPRINT)
Place of publication, distribution, etc Chennai
Name of publisher, distributor, etc Westland Publication Private Limited
Date of publication, distribution, etc 2019
270 ## - ADDRESS
Address 1st Floor, A Block, East Wing, Plot No. 40, SP Infocity, Dr MGR Saiai, Purungudi, Kandanchavadi
City Chennai
Postal code 600096
300 ## - PHYSICAL DESCRIPTION
Extent ix, 462p
Dimensions 23cm(pbk)
Other physical details Endnotes, Index
942 ## - ADDED ENTRY ELEMENTS (KOHA)
Source of classification or shelving scheme Dewey Decimal Classification
Item type English Books
Classification part 320.55
Call number suffix MUK
Holdings
Withdrawn status Lost status Not for loan Collection code Home library Current library Date acquired Source of acquisition Cost, normal purchase price Full call number Barcode Copy number Cost, replacement price Koha item type
      Non-fiction Mobile Library Mobile Library 28/12/2021 DBAD/PUB 599.00 320.55 MUK EN-114262 1 599.00 English Books

© Delhi Public Library
Hit Counter
free hit counter